| 000 | 00589nam a2200181 i 4500 | ||
|---|---|---|---|
| 001 | 59310 | ||
| 003 | ES-MaACL | ||
| 005 | 20251209063022.0 | ||
| 007 | t| | ||
| 008 | 031028s1972 fr ||||1| fre d | ||
| 100 | 1 |
_aEinstein, Albert, _d1879-1955 _946838 |
|
| 245 | 1 | 0 |
_aMichele Besso _b: correspondance 1903-1955 / _cAlbert Einstein ; traduction, notes et introduction de Pierre Speziali. |
| 260 |
_aParĂs : _bHermann, _c[1972] |
||
| 300 |
_aLXIII, 559 p. ; _c21 cm. |
||
| 700 | 1 |
_aSpeziale, Pierre. _9107709 |
|
| 852 |
_aES-MaACL _jE-7079 _bR.91352 |
||
| 999 |
_c59310 _d59310 |
||